000 00428nam a2200181Ia 4500
005 20240823055219.0
008 240823s9999||||xx |||||||||||||| ||und||
041 _aENGLISH
082 _A543.54 Q7
100 _aagarwala u c
245 0 _aInfrared Spectroscopy of Molecules
250 _a1st
260 _c2017
_bAne Books Pv
500 _aYES
650 _aMolecules
_bBio Medical Engg.
942 _cBK
999 _c228257
_d228257